01357naa#a2200193#i#4500001001600000005001700016011001400033100004100047102000700088200024000095210053800335215001100873608004500884675005500929700005200984700005801036700004801094856002101142RU\\bibl\12179620260502085512.6##a1998-8990##a20260423b2026####ek#y0rusy0150####ca##aRU1#aАНАЛИЗ ШУМОВОГО ЗАГРЯЗНЕНИЯ ТЕРРИТОРИИ КАМПУСА ДАЛЬНЕВОСТОЧНОГО ФЕДЕРАЛЬНОГО УНИВЕРСИТЕТА Г. ВЛАДИВОСТОКАeЖурнальная статья1#aСанкт-ПетербургcСанкт-Петербургский университет Государственной противопожарной службы Министерства Российской Федерации по делам гражданской обороны, чрезвычайным ситуациям и ликвидации последствий стихийных бедствий имени Героя Российской Федерации генерала армии Е.Н. Зиничеваd2026##a12 с.##aЖурнальная статья2local##aАкустические измерения. 534.6#1aУшаковgСергей Витальевич#1aСтаценкоgЛюбовь Григорьевна#1aМайерgДиана Валериевна4#ajournals.igps.ru